000 00886cam a22002651 4500
001 9226895
003 ARRUPE
005 20160122112452.0
008 780705s1933 xx 000 0 eng
010 _a 33031720
035 _a(OCoLC)4025443
040 _aDLC
_cOAk
_dDLC
050 0 0 _aSPC F2515
_b.F742
082 _a918.1
100 1 _aFleming, Peter,
_d1907-1971.
_921714
245 1 0 _aBrazilian adventure,
_cby Peter Fleming.
260 _aLondon,
_aToronto,
_bJonathan Cape
_c1933
300 _a414 p.;
_bfront., illus. (maps) plates, ports.
_c21 cm.
500 _aThe story of the author's search for Colonel Fawcett.
600 1 0 _aFawcett, Percy Harrison,
_d1867-1925?
_921715
650 0 _aIndians of South America
_zBrazil.
_921716
651 0 _aBrazil
_xDescription and travel.
_921717
906 _a7
_bcbc
_coclcrpl
_du
_encip
_f19
_gy-gencatlg
942 _2lcc
_cMONOGRAPH
999 _c124006
_d124006